000 00444nam a2200169Ia 4500
008 180921t2014 xxu||||| |||| 00| 0 sin d
041 _asin
080 _a355.4
_bEGO
100 _aEgodawele,K.B.
245 _aහේවායෙකුගේ මතක සටහන්
246 _aHewayekuge Mataka Satahan
260 _bS.n.
_aS.I.
_c2014
300 _b728p, 21cm
942 _cBK
999 _c1535
_d1535
003 LK-CoDNM
040 _aLK-CoDNM
_dLK-CoDNM
_eLK-CoDNM